Imaging of diffuse lung disease (Record no. 138481)
[ view plain ]
| 000 -LEADER | |
|---|---|
| fixed length control field | 01222nam a2200301Ia 4500 |
| 245 00 - TITLE STATEMENT | |
| Title | Imaging of diffuse lung disease |
| 260 ## - PUBLICATION, DISTRIBUTION, ETC. (IMPRINT) | |
| Place of publication | Hamilton, Ontario ; |
| -- | Lewiston, NY : |
| Name of publisher | B.C. Decker, |
| Year of publication | 2000. |
| 300 ## - PHYSICAL DESCRIPTION | |
| Number of Pages | viii, 322 p. : |
| Other physical details | ill. |
| 650 #0 - SUBJECT ADDED ENTRY--TOPICAL TERM | |
| Topical Term | Interstitial lung diseases |
| Topical Term | Lungs |
| 700 1# - ADDED ENTRY--PERSONAL NAME | |
| Personal name | Lynch, David A. |
| Personal name | Newell, John D. |
| Personal name | Lee, Jin-Seong. |
| 856 40 - ELECTRONIC LOCATION AND ACCESS | |
| Uniform Resource Identifier | http://site.ebrary.com/lib/rucke/Doc?id=10171426 |
No items available.
